=LDR 00000nam 2200000 4500 =001 INLIS000000000037194 =005 20221108072910 =035 ##$$a 0010-061300000037194 =008 221108################g##########0#ind## =041 ##$$a Ind =082 ##$$a 028.5 =090 ##$$a 028.5, Far m =100 ##$$a Farr, Michael =245 1#$$a Milo : $b moga-moga aku tidak terlambat /$c Michael Farr ; alih bahasa, Donna Widjajanto ; editor, Dini Pandia =260 ##$$a Jakarta :$b Gramedia,$c 2010 =300 ##$$a 42 hlm : $b Ilus ; $c 21 cm =650 #4$$a Bacaan kanak-kanak =700 #$$a Alih bahasa: Widjajanto, Donna =850 ##$$a NBPNMAT =020 ##$$a 978-979-22-5452-5 =084 ##$$a 028.5 FAR m =990 ##$$a 21102402